Macroeconomics
Saved in:
| Main Author: | |
|---|---|
| Format: | Book |
| Language: | English |
| Published: |
Homewood, Ill. :
Irwin,
1974
|
| Series: | Irwin series in economics
|
| Subjects: | |
| Tags: |
Add Tag
No Tags, Be the first to tag this record!
|
MARC
| LEADER | 00000cam a2200000 i 4500 | ||
|---|---|---|---|
| 001 | 1/7657 | ||
| 008 | 000622s1974 eng d | ||
| 020 | |a 0-256-01552-X (hbk.) | ||
| 035 | |l 10062366 | ||
| 040 | |a GR-MY-UA |b gre |e aacr | ||
| 041 | 0 | |a eng | |
| 082 | 0 | |a 339 | |
| 100 | 1 | |a Wonnacott, Paul. | |
| 245 | 1 | 0 | |a Macroeconomics / |c Paul Wonnacott |
| 260 | |a Homewood, Ill. : |b Irwin, |c 1974 | ||
| 300 | |a xv, 519 p. | ||
| 490 | 1 | |a Irwin series in economics | |
| 504 | |a Includes bibliographical references and index | ||
| 650 | 0 | 0 | |a Macroeconomics. |
| 830 | 0 | |a Irwin series in economics | |
| 852 | |a INST |b CHIOS |e 20000622 |h 339 WON |p 005200001210 |q 005200001210 |t BK |y 0 | ||
| 909 | |a Χ |b 013408 | ||
| 970 | |a ΣΠΕΝΤΖΑ |b ΕΛΕΝΗ |z 2000/06/22 | ||